00385 a2200109 4500001000900000005001700009008004100026245009800067100002000165773007300185999001700258ART_351320260410161715.0260409a 10aEl deterioro regional: una manifestación en la producción tabacalera correntina 1976-19811 aManzanal, Mabel0 tDesarrollo económicog- Vol. 26, Nº 103 (oct./dic. 1986)wREV1174 c16460d16460